[Event "Alicante Easter op 6th"]
[Site "Alicante"]
[Date "2022.04.15"]
[Round "5"]
[White "Vasquez Schroder, Rodrigo Rafael"]
[Black "Rasmussen, Karsten"]
[Result "1/2-1/2"]
[WhiteElo "2500"]
[BlackElo "2414"]
[PlyCount "132"]
[EventDate "2022.04.13"]
[EventType "swiss"]
[EventRounds "9"]
[EventCountry "ESP"]
[SourceTitle "CBM 207 Extra"]
[Source "ChessBase"]
[SourceDate "2022.05.31"]
[SourceVersion "1"]
[SourceVersionDate "2022.05.31"]
[SourceQuality "1"]

1. e4 c6 2. d4 d5 3. e5 c5 4. dxc5 e6 5. Nf3 Bxc5 6. Be2 Nc6 7. 0-0 Nge7 8. c4 0-0 9. cxd5 Qxd5 10. Bf4 Bd4 11. Nc3 Bxc3 12. bxc3 Qe4 13. g3 Rd8 14. Nd2 Qg6 15. Bf3 Nd5 16. Be4 f5 17. exf6 Qxf6 18. Bxd5 exd5 19. Qb3 b6 20. Rfe1 Bg4 21. Kg2 h6 22. f3 Bf5 23. Rad1 Kh8 24. Nf1 Be6 25. Qa3 Rac8 26. Rd2 Bg8 27. Ne3 Be6 28. Nc2 Na5 29. Be5 Qf7 30. Rde2 Bf5 31. Nd4 Bd3 32. Rf2 Re8 33. Qc1 Kh7 34. Qd1 Qg6 35. h4 h5 36. Bf4 Nc4 37. Ne6 Rxe6 38. Rxe6 Qxe6 39. Qxd3+ Kg8 40. Re2 Qf7 41. Bg5 Rc7 42. Qd4 Rd7 43. g4 hxg4 44. Qxg4 Nd6 45. a4 Qf5 46. Qxf5 Nxf5 47. Re5 g6 48. h5 Kh7 49. f4 Rc7 50. Kf2 d4 51. cxd4 Nxd4 52. Rd5 Nf5 53. a5 bxa5 54. Rxa5 Rb7 55. hxg6+ Kxg6 56. Ke2 Rd7 57. Kf3 Rd3+ 58. Ke4 Re3+ 59. Kd5 Rd3+ 60. Kc6 Nd4+ 61. Kb7 Ne6 62. f5+ Kxg5 63. fxe6+ Kf6 64. Ra6 Re3 65. Kxa7 Rxe6 66. Rxe6+ Kxe6 1/2-1/2

[Event "DEN-chT 1718 56th"]
[Site "Denmark"]
[Date "2017.11.19"]
[Round "2.4"]
[White "Sloth, Jorn"]
[Black "Rasmussen, Karsten"]
[Result "1-0"]
[WhiteElo "2295"]
[BlackElo "2440"]
[PlyCount "65"]
[EventDate "2017.11.18"]
[EventType "team-tourn"]
[EventRounds "9"]
[EventCountry "DEN"]
[SourceTitle "CBM 181 Extra"]
[Source "ChessBase"]
[SourceDate "2017.12.12"]
[SourceVersion "1"]
[SourceVersionDate "2017.12.12"]
[SourceQuality "1"]
[WhiteTeam "Nordre"]
[BlackTeam "Aarhus/Skolerne"]
[WhiteTeamCountry "DEN"]
[BlackTeamCountry "DEN"]

1. c4 e5 2. Nf3 e4 3. Nd4 Nf6 4. Nc3 Bc5 5. Nb3 Bb4 6. Qc2 Qe7 7. e3 0-0 8. d4 exd3 9. Bxd3 Nc6 10. Bd2 Ne5 11. Nd5 Bxd2+ 12. Nxd2 Nxd3+ 13. Qxd3 Nxd5 14. cxd5 Qe5 15. d6 Qxb2 16. 0-0 cxd6 17. Nc4 Qb5 18. a4 Qc6 19. Nxd6 Rb8 20. Rfc1 Qb6 21. a5 Qd8 22. Qd4 Qe7 23. Rc7 b5 24. Qxa7 Bb7 25. Nxb7 b4 26. Qb6 f5 27. Rd1 Rf6 28. Qb5 Rg6 29. g3 Qe4 30. Qd5+ Qxd5 31. Rxd5 Rc6 32. Rcxd7 b3 33. Rb5 1-0

[Event "Aarhus op-A"]
[Site "Aarhus"]
[Date "2017.09.10"]
[Round "6"]
[White "Rasmussen, Karsten"]
[Black "Christensen, Tobias"]
[Result "1/2-1/2"]
[WhiteElo "2440"]
[BlackElo "2353"]
[PlyCount "160"]
[EventDate "2017.09.08"]
[EventType "swiss"]
[EventRounds "7"]
[EventCountry "DEN"]
[SourceTitle "EXT 2018"]
[Source "ChessBase"]
[SourceDate "2017.10.13"]
[SourceVersion "1"]
[SourceVersionDate "2017.10.13"]
[SourceQuality "1"]

1. d4 g6 2. e4 Bg7 3. Nf3 d6 4. Bc4 Nf6 5. Qe2 0-0 6. 0-0 Bg4 7. Nbd2 Nc6 8. c3 d5 9. exd5 Nxd5 10. h3 Bf5 11. Ne4 Nb6 12. Bb5 Qd5 13. Ng3 Be6 14. b3 Bd7 15. Bd3 e5 16. Be4 Qd6 17. dxe5 Nxe5 18. Bxb7 Rab8 19. Bf4 Rfe8 20. Nxe5 Bxe5 21. Bxe5 Rxe5 22. Qf3 Nd5 23. Bxd5 Qxd5 24. Qxd5 Rxd5 25. Rfd1 Rxd1+ 26. Rxd1 Bc6 27. Rd4 Rb6 28. f3 Ra6 29. Rd2 Kf8 30. Kf2 Ke7 31. Ne2 g5 32. c4 Ra5 33. Nd4 Bd7 34. a4 c5 35. Nc2 Be6 36. Ne3 Ra6 37. Nd5+ Kf8 38. Ke3 Rc6 39. a5 h6 40. Ke4 Kg7 41. Ke5 Bc8 42. Ke4 Re6+ 43. Kd3 Re1 44. Kc3 Bf5 45. b4 Rc1+ 46. Kb3 Rb1+ 47. Rb2 Rxb2+ 48. Kxb2 cxb4 49. Kb3 Kf8 50. Kxb4 Ke8 51. Kc5 Bd3 52. Kd4 Bf1 53. Ne3 Be2 54. Kd5 Kd7 55. c5 Kc7 56. Nf5 Bf1 57. Ne3 Be2 58. Kd4 h5 59. Nd5+ Kc6 60. f4 f6 61. Nxf6 gxf4 62. Nd5 f3 63. gxf3 Bxf3 64. Ne7+ Kb5 65. Nc8 a6 66. Na7+ Kxa5 67. h4 Bg4 68. Kd5 Kb4 69. Nc6+ Kc3 70. Kd6 Kd2 71. Ne5 a5 72. Nc4+ Ke2 73. Nxa5 Kf2 74. Nc4 Kg3 75. Ne5 Kxh4 76. c6 Bc8 77. Kc7 Ba6 78. Kb6 Bc8 79. Kc7 Ba6 80. Kb6 Bc8 1/2-1/2

[Event "Aarhus op-A"]
[Site "Aarhus"]
[Date "2017.09.09"]
[Round "5"]
[White "Matthiesen, Martin"]
[Black "Rasmussen, Karsten"]
[Result "1/2-1/2"]
[WhiteElo "2291"]
[BlackElo "2440"]
[PlyCount "76"]
[EventDate "2017.09.08"]
[EventType "swiss"]
[EventRounds "7"]
[EventCountry "DEN"]
[SourceTitle "EXT 2018"]
[Source "ChessBase"]
[SourceDate "2017.10.13"]
[SourceVersion "1"]
[SourceVersionDate "2017.10.13"]
[SourceQuality "1"]

1. d4 d5 2. Bf4 c5 3. e3 Nc6 4. c3 Nf6 5. Nd2 Bf5 6. Qb3 Qb6 7. dxc5 Qxb3 8. axb3 e5 9. Bg3 Bxc5 10. Ngf3 e4 11. Nd4 Nxd4 12. exd4 Bb6 13. Be2 0-0 14. b4 Rfe8 15. 0-0 e3 16. fxe3 Rxe3 17. Ba6 bxa6 18. Rxf5 Re2 19. Rf2 Rae8 20. Nf3 Ng4 21. Rxe2 Rxe2 22. Re1 Rxe1+ 23. Nxe1 a5 24. bxa5 Bxa5 25. Nd3 Kf8 26. Bb8 Bb6 27. h3 Ne3 28. Kf2 Nc4 29. Nb4 Nxb2 30. Nxd5 Ke8 31. Ke2 Kd7 32. Kd2 Kc6 33. Ne7+ Kb5 34. Kc2 Nc4 35. Kd3 Nb2+ 36. Kc2 Nc4 37. Kd3 Nb2+ 38. Kc2 Nc4 1/2-1/2

[Event "Aarhus op-A"]
[Site "Aarhus"]
[Date "2017.09.08"]
[Round "2"]
[White "Rasmussen, Karsten"]
[Black "Thogersen, Rasmus"]
[Result "0-1"]
[WhiteElo "2440"]
[BlackElo "2252"]
[PlyCount "94"]
[EventDate "2017.09.08"]
[EventType "swiss"]
[EventRounds "7"]
[EventCountry "DEN"]
[SourceTitle "EXT 2018"]
[Source "ChessBase"]
[SourceDate "2017.10.13"]
[SourceVersion "1"]
[SourceVersionDate "2017.10.13"]
[SourceQuality "1"]

1. c4 g6 2. g3 Bg7 3. Bg2 c5 4. Nc3 Nc6 5. Nf3 e6 6. 0-0 d5 7. cxd5 exd5 8. d4 cxd4 9. Nb5 Nge7 10. Nbxd4 0-0 11. Be3 Re8 12. Qd2 Nf5 13. Nxc6 bxc6 14. Bc5 Rb8 15. Rab1 Nd6 16. Bxa7 Ra8 17. Bd4 Ne4 18. Qc2 Bxd4 19. Nxd4 c5 20. Bxe4 cxd4 21. Bd3 Bh3 22. Rfc1 Rxa2 23. Ra1 Qa8 24. Rxa2 Qxa2 25. b4 Rc8 26. Qb1 Rxc1+ 27. Qxc1 Qb3 28. b5 Kg7 29. Qb1 Qxb1+ 30. Bxb1 Kf6 31. f4 Ke7 32. Kf2 Kd6 33. Bd3 Kc5 34. Kf3 Bd7 35. f5 Bxb5 36. Kf4 Bxd3 37. exd3 Kb4 38. f6 Kc3 39. Ke5 Kxd3 40. Kd6 Ke4 41. Ke7 d3 42. Kxf7 d2 43. Kg7 d1Q 44. Kxh7 Qh5+ 45. Kg7 d4 46. f7 Qe5+ 47. Kxg6 Qh8 0-1

[Event "Aarhus op-A"]
[Site "Aarhus"]
[Date "2017.09.08"]
[Round "3"]
[White "Vangsgaard, Freja"]
[Black "Rasmussen, Karsten"]
[Result "0-1"]
[WhiteElo "2062"]
[BlackElo "2440"]
[PlyCount "68"]
[EventDate "2017.09.08"]
[EventType "swiss"]
[EventRounds "7"]
[EventCountry "DEN"]
[SourceTitle "EXT 2018"]
[Source "ChessBase"]
[SourceDate "2017.10.13"]
[SourceVersion "1"]
[SourceVersionDate "2017.10.13"]
[SourceQuality "1"]

1. d4 d5 2. c4 e6 3. Nc3 c6 4. Nf3 Nf6 5. e3 Nbd7 6. b3 Bd6 7. Be2 0-0 8. Bb2 b6 9. 0-0 Bb7 10. Qc2 Qe7 11. a3 Rac8 12. b4 dxc4 13. Bxc4 c5 14. bxc5 bxc5 15. Nd2 cxd4 16. exd4 Ng4 17. h3 Nh2 18. Rfe1 Qg5 19. Nce4 Qg6 20. Rac1 Bf4 21. f3 Nb6 22. Qb3 Nxc4 23. Rxc4 Bd5 24. Rec1 Bxc4 25. Rxc4 Rxc4 26. Nxc4 Rb8 27. Qd1 Qf5 28. Bc1 Bxc1 29. Qxc1 Nxf3+ 30. gxf3 Qxf3 31. Ncd2 Qe3+ 32. Kg2 f5 33. Qc7 Rf8 34. Qg3 Qxd4 0-1

[Event "Horsens Lang Weekend"]
[Site "Horsens"]
[Date "2017.07.16"]
[Round "7"]
[White "Nielsen, Viktor Haarmark"]
[Black "Rasmussen, Karsten"]
[Result "1/2-1/2"]
[WhiteElo "2243"]
[BlackElo "2444"]
[PlyCount "79"]
[EventDate "2017.07.13"]
[EventType "swiss"]
[EventRounds "7"]
[EventCountry "DEN"]
[SourceTitle "EXT 2018"]
[Source "ChessBase"]
[SourceDate "2017.10.13"]
[SourceVersion "1"]
[SourceVersionDate "2017.10.13"]
[SourceQuality "1"]

1. e4 c6 2. d4 d5 3. Nc3 dxe4 4. Nxe4 Bf5 5. Ng3 Bg6 6. h4 h6 7. Nf3 e6 8. Ne5 Bh7 9. Bd3 Bxd3 10. Qxd3 Nd7 11. f4 Be7 12. Bd2 Nxe5 13. fxe5 Bxh4 14. 0-0-0 Bxg3 15. Qxg3 Ne7 16. Bb4 Nf5 17. Qf4 g5 18. Qf3 Qd5 19. Qxd5 cxd5 20. g4 a5 21. Bd2 Nxd4 22. Bxg5 Ne2+ 23. Kb1 Rc8 24. Bf6 Rg8 25. Rxh6 Rxg4 26. Rh8+ Kd7 27. Rh7 Rf8 28. c3 Rg1 29. Rxg1 Nxg1 30. Kc2 Ne2 31. Kb3 b6 32. Bg5 Ke8 33. Be3 Ke7 34. Rg7 d4 35. cxd4 Rc8 36. Rh7 Nc1+ 37. Ka3 Nd3 38. Bg5+ Ke8 39. Rh3 Nb4 40. Kb3 1/2-1/2

[Event "DEN-ch"]
[Site "Skorping"]
[Date "2017.04.11"]
[Round "4"]
[White "Sylvan, Jacob"]
[Black "Rasmussen, Karsten"]
[Result "0-1"]
[WhiteElo "2425"]
[BlackElo "2449"]
[PlyCount "46"]
[EventDate "2017.04.08"]
[EventType "tourn"]
[EventRounds "9"]
[EventCountry "DEN"]
[EventCategory "9"]
[SourceTitle "CBM 177 Extra"]
[Source "ChessBase"]
[SourceDate "2017.04.27"]
[SourceVersion "1"]
[SourceVersionDate "2017.04.27"]
[SourceQuality "1"]

1. e4 c6 2. d4 d5 3. e5 Bf5 4. Nf3 e6 5. Be2 Ne7 6. 0-0 Ng6 7. Be3 Nd7 8. Nbd2 f6 9. h3 fxe5 10. g4 e4 11. gxf5 exf5 12. Bg5 Be7 13. Bxe7 Qxe7 14. Nh2 Nf4 15. Kh1 Nxh3 16. Qe1 0-0 17. Nb3 Qg5 18. Qc3 Qh6 19. Rae1 Nf6 20. Nc5 f4 21. Qb3 f3 22. Bxf3 exf3 23. Qxf3 Ne4 0-1

[Event "DEN-ch"]
[Site "Skorping"]
[Date "2017.04.08"]
[Round "1"]
[White "Ochsner, Bjorn Moller"]
[Black "Rasmussen, Karsten"]
[Result "1/2-1/2"]
[WhiteElo "2433"]
[BlackElo "2449"]
[PlyCount "95"]
[EventDate "2017.04.08"]
[EventType "tourn"]
[EventRounds "9"]
[EventCountry "DEN"]
[EventCategory "9"]
[SourceTitle "CBM 177 Extra"]
[Source "ChessBase"]
[SourceDate "2017.04.27"]
[SourceVersion "1"]
[SourceVersionDate "2017.04.27"]
[SourceQuality "1"]

1. e4 c6 2. d4 d5 3. Nc3 dxe4 4. Nxe4 Nf6 5. Nxf6+ exf6 6. c3 Bf5 7. Bd3 Bxd3 8. Qxd3 Bd6 9. Nf3 0-0 10. Be3 Nd7 11. 0-0 Re8 12. Rad1 Qc7 13. d5 c5 14. b3 Ne5 15. Nxe5 fxe5 16. g3 e4 17. Qd2 c4 18. Qd4 cxb3 19. axb3 b6 20. c4 f5 21. Qd2 a5 22. Rc1 Rad8 23. Rfd1 Bb4 24. Qd4 Bc5 25. Qc3 Ba3 26. Rc2 Bb4 27. Qd4 Bc5 28. Qd2 Bb4 29. Qc1 Bc5 30. Bxc5 Qxc5 31. Qe3 Qd6 32. c5 bxc5 33. Rxc5 f4 34. gxf4 Qg6+ 35. Kh1 Qh5 36. Rg1 Rxd5 37. Qc3 g6 38. Rc7 Qf3+ 39. Qxf3 exf3 40. Rc3 Rf5 41. Rxf3 Re4 42. Rg4 Kf7 43. Kg2 Kf6 44. Rc3 Rexf4 45. Rc6+ Kg7 46. Rxf4 Rxf4 47. Rc7+ Kh6 48. Rc5 1/2-1/2

[Event "DEN-chT 1617 55th"]
[Site "Denmark"]
[Date "2017.03.18"]
[Round "8.5"]
[White "Rasmussen, Karsten"]
[Black "Thogersen, Rasmus"]
[Result "1-0"]
[WhiteElo "2447"]
[BlackElo "2122"]
[PlyCount "119"]
[EventDate "2016.10.29"]
[EventType "team-tourn"]
[EventRounds "9"]
[EventCountry "DEN"]
[SourceTitle "EXT 2018"]
[Source "ChessBase"]
[SourceDate "2017.10.13"]
[SourceVersion "1"]
[SourceVersionDate "2017.10.13"]
[SourceQuality "1"]
[WhiteTeam "Aarhus/Skolerne"]
[BlackTeam "Jetsmark"]
[WhiteTeamCountry "DEN"]
[BlackTeamCountry "DEN"]

1. c4 g6 2. g3 Bg7 3. Bg2 Nf6 4. Nc3 0-0 5. e4 d6 6. Nge2 e5 7. d4 Nc6 8. d5 Ne7 9. 0-0 Nd7 10. Be3 f5 11. Qd2 Nf6 12. f3 Bd7 13. Kh1 fxe4 14. Nxe4 b5 15. Nxf6+ Bxf6 16. c5 b4 17. Bh6 Rf7 18. cxd6 cxd6 19. Qxb4 Rb8 20. Qa3 Qb6 21. Nc3 Nf5 22. Bc1 Bb5 23. Nxb5 Qxb5 24. Rd1 Nd4 25. Qd3 Qxd3 26. Rxd3 Rc7 27. Rb1 Rc2 28. Rd2 Rc5 29. f4 exf4 30. gxf4 Re8 31. Rd1 Rc2 32. Bd2 Re2 33. Bc3 Nf5 34. Rdc1 Rxc1+ 35. Rxc1 Bxc3 36. bxc3 Rxa2 37. Kg1 Nh4 38. Bh1 a5 39. c4 Kf7 40. c5 dxc5 41. d6 Rd2 42. Bc6 a4 43. d7 Nf5 44. Rxc5 a3 45. Ra5 Rd6 46. Rxa3 Nd4 47. Ba4 Ne2+ 48. Kf1 Nxf4 49. Re3 Kf6 50. Re8 Ne6 51. Kf2 h5 52. Ke3 g5 53. h3 Rd5 54. Rh8 g4 55. h4 Re5+ 56. Kf2 Rf5+ 57. Kg1 Rd5 58. Rh6+ Ke5 59. Rxh5+ Ke4 60. Rxd5 1-0

[Event "DEN-chT 1617 55th"]
[Site "Denmark"]
[Date "2017.01.29"]
[Round "6.3"]
[White "Rasmussen, Karsten"]
[Black "Hansen, Mads"]
[Result "1-0"]
[WhiteElo "2447"]
[BlackElo "2445"]
[PlyCount "93"]
[EventDate "2016.10.29"]
[EventType "team-tourn"]
[EventRounds "9"]
[EventCountry "DEN"]
[SourceTitle "EXT 2018"]
[Source "ChessBase"]
[SourceDate "2017.10.13"]
[SourceVersion "1"]
[SourceVersionDate "2017.10.13"]
[SourceQuality "1"]
[WhiteTeam "Aarhus/Skolerne"]
[BlackTeam "Skanderborg Nordea"]
[WhiteTeamCountry "DEN"]
[BlackTeamCountry "DEN"]

1. d4 d5 2. c4 c6 3. Nc3 Nf6 4. cxd5 cxd5 5. Bf4 Nc6 6. e3 a6 7. Bd3 Bg4 8. Nge2 e6 9. Rc1 Bd6 10. Qb3 0-0 11. 0-0 Na5 12. Qc2 Rc8 13. Bxd6 Qxd6 14. Ng3 Nc6 15. Na4 h5 16. Qc5 Qxc5 17. Nxc5 h4 18. Ne2 Nb4 19. f3 Rxc5 20. Rxc5 Nxd3 21. Rc7 Bf5 22. Rxb7 Rc8 23. g4 Rc2 24. Nf4 Nxf4 25. exf4 Bd3 26. Rf2 Rc1+ 27. Kg2 Ne8 28. Rb8 Kf8 29. Kh3 Ke7 30. Rb7+ Kf6 31. Kxh4 Nd6 32. Rb6 Nc4 33. Rxa6 Rg1 34. Ra7 Kg6 35. b4 Bf1 36. b5 Ne3 37. Rb2 f5 38. Ra6 fxg4 39. Rxe6+ Kf5 40. Rxe3 Kxf4 41. Re1 gxf3 42. Rxf1 Rg4+ 43. Kh3 Rg6 44. Rxf3+ Kxf3 45. Rb3+ Ke4 46. b6 Rh6+ 47. Kg4 1-0

[Event "Granada Nazari IM 2nd"]
[Site "Granada"]
[Date "2015.03.30"]
[Round "7"]
[White "Fernandez Siles, Luis"]
[Black "Rasmussen, Karsten"]
[Result "0-1"]
[WhiteElo "2276"]
[BlackElo "2423"]
[PlyCount "92"]
[EventDate "2015.03.26"]
[EventType "tourn"]
[EventRounds "9"]
[EventCountry "ESP"]
[EventCategory "2"]
[SourceTitle "CBM 165 Extra"]
[Source "ChessBase"]
[SourceDate "2015.04.21"]
[SourceVersion "1"]
[SourceVersionDate "2015.04.21"]
[SourceQuality "1"]

1. d4 d5 2. c4 e6 3. Nc3 c5 4. cxd5 exd5 5. Nf3 Nc6 6. g3 Nf6 7. Bg2 c4 8. Ne5 Be6 9. 0-0 Be7 10. Nxc6 bxc6 11. b3 cxb3 12. Qxb3 0-0 13. Ba3 c5 14. Qa4 Rc8 15. Rfc1 cxd4 16. Bxe7 Qxe7 17. Qxd4 Qa3 18. Qd2 Rc5 19. e3 Qa5 20. Qb2 Rfc8 21. Ne2 Rxc1+ 22. Rxc1 Rxc1+ 23. Nxc1 Qe1+ 24. Bf1 h6 25. Nd3 Qd1 26. Qe2 Qxe2 27. Bxe2 d4 28. a3 dxe3 29. fxe3 Kf8 30. Bf3 Ke7 31. Kf2 Kd6 32. e4 Nd7 33. Ke3 Bc4 34. Nb2 Ne5 35. Bd1 Bb5 36. h4 g6 37. Bb3 f6 38. Kd4 g5 39. Bc4 Bxc4 40. Nxc4+ Nxc4 41. Kxc4 gxh4 42. gxh4 Ke5 43. Kd3 Kf4 44. Kd4 Kg4 45. Ke3 h5 46. a4 a5 0-1

[Event "Granada Nazari IM 2nd"]
[Site "Granada"]
[Date "2015.03.28"]
[Round "4"]
[White "Ninov, Nikolai"]
[Black "Rasmussen, Karsten"]
[Result "0-1"]
[WhiteElo "2438"]
[BlackElo "2423"]
[PlyCount "33"]
[EventDate "2015.03.26"]
[EventType "tourn"]
[EventRounds "9"]
[EventCountry "ESP"]
[EventCategory "2"]
[SourceTitle "CBM 165 Extra"]
[Source "ChessBase"]
[SourceDate "2015.04.21"]
[SourceVersion "1"]
[SourceVersionDate "2015.04.21"]
[SourceQuality "1"]

1. e4 c6 2. d4 d5 3. Nc3 dxe4 4. Nxe4 Bf5 5. Ng3 Bg6 6. N1e2 Nf6 7. c3 e6 8. Nf4 Be7 9. h4 Qc7 10. Qf3 Nbd7 11. h5 Bc2 12. Bd3 Bxd3 13. Nxd3 h6 14. Ne4 Nxe4 15. Qxe4 0-0 16. Nf4 c5 17. Nxe6 0-1

[Event "DEN-chT 1415 53rd"]
[Site "Denmark"]
[Date "2014.10.26"]
[Round "2.4"]
[White "Kristensen, Kaare Hove"]
[Black "Rasmussen, Karsten"]
[Result "1-0"]
[WhiteElo "2335"]
[BlackElo "2424"]
[PlyCount "107"]
[EventDate "2014.10.25"]
[EventType "team-tourn"]
[EventRounds "9"]
[EventCountry "DEN"]
[SourceTitle "EXT 2016"]
[Source "ChessBase"]
[SourceDate "2015.10.08"]
[SourceVersion "1"]
[SourceVersionDate "2015.10.08"]
[SourceQuality "1"]
[WhiteTeam "Nordkalotten"]
[BlackTeam "Aarhus/Skolerne"]
[WhiteTeamCountry "DEN"]
[BlackTeamCountry "DEN"]

1. e4 g6 2. d4 Nf6 3. Bd3 Bg7 4. c4 0-0 5. Nc3 Nc6 6. d5 Ne5 7. Be2 d6 8. f4 Ned7 9. Nf3 Nc5 10. e5 Nfd7 11. Be3 e6 12. dxe6 Nxe6 13. exd6 Nf6 14. d7 Nxd7 15. 0-0 c6 16. Qc2 Qe7 17. Rae1 Nf6 18. Ne5 Nc5 19. b4 Ncd7 20. Qb3 Re8 21. Bd4 c5 22. Nxd7 cxd4 23. Nxf6+ Qxf6 24. Nd5 Qd6 25. c5 Qd8 26. Bc4 Be6 27. b5 Rc8 28. Nb4 Qd7 29. Bxe6 fxe6 30. Nd3 a6 31. a4 axb5 32. axb5 Kh8 33. Re4 Qd5 34. Qxd5 exd5 35. Rxe8+ Rxe8 36. Re1 Rxe1+ 37. Nxe1 Bf8 38. Nd3 Kg7 39. c6 bxc6 40. bxc6 Bd6 41. Nb4 Kf6 42. c7 Bxc7 43. Nxd5+ Kf5 44. Nxc7 Kxf4 45. Kf2 h6 46. Ne6+ Ke4 47. Nc5+ Kd5 48. Nd3 g5 49. Kf3 h5 50. g3 Kc4 51. Ke4 Kc3 52. Ne5 h4 53. g4 h3 54. Kf5 1-0

[Event "DEN-chT 1314 52nd"]
[Site "Denmark"]
[Date "2013.11.02"]
[Round "1.3"]
[White "Rasmussen, Karsten"]
[Black "Lindfeldt, Jan Magnus"]
[Result "1-0"]
[WhiteElo "2419"]
[BlackElo "2286"]
[PlyCount "77"]
[EventDate "2013.11.02"]
[EventType "team-tourn"]
[EventRounds "9"]
[EventCountry "DEN"]
[SourceTitle "EXT 2015"]
[Source "ChessBase"]
[SourceDate "2014.11.20"]
[SourceVersion "1"]
[SourceVersionDate "2014.11.20"]
[SourceQuality "1"]
[WhiteTeam "Aarhus/Skolerne"]
[BlackTeam "Copenhagen 68"]
[WhiteTeamCountry "DEN"]
[BlackTeamCountry "DEN"]

1. d4 d5 2. Nf3 Nf6 3. c4 c6 4. Nc3 a6 5. cxd5 cxd5 6. Bf4 Nc6 7. Rc1 Bf5 8. e3 e6 9. Qb3 Ra7 10. Be2 Be7 11. 0-0 0-0 12. Na4 Nd7 13. Rfd1 Bg6 14. Nc5 Nxc5 15. dxc5 Qa5 16. Qb6 Rc8 17. Ne5 Bd8 18. Nxc6 Bxb6 19. Ne7+ Kh8 20. Nxc8 Bxc5 21. Nxa7 h6 22. Nc8 f6 23. a3 e5 24. b4 Qxa3 25. bxc5 exf4 26. exf4 d4 27. Bf3 d3 28. Ne7 Bf7 29. Nd5 d2 30. Rc2 Bg6 31. Rcxd2 Qxc5 32. g3 b5 33. Nxf6 gxf6 34. Rd8+ Kg7 35. R1d7+ Bf7 36. Bd5 Qc1+ 37. Kg2 b4 38. f5 a5 39. Rxf7# 1-0

[Event "Horsens Lang Weekend op"]
[Site "Horsens"]
[Date "2013.07.20"]
[Round "6"]
[White "Andersen, Rune"]
[Black "Rasmussen, Karsten"]
[Result "0-1"]
[WhiteElo "2083"]
[BlackElo "2425"]
[PlyCount "58"]
[EventDate "2013.07.18"]
[EventType "swiss"]
[EventRounds "7"]
[EventCountry "DEN"]
[SourceTitle "CBM 155 Extra"]
[Source "ChessBase"]
[SourceDate "2013.08.26"]
[SourceVersion "1"]
[SourceVersionDate "2013.08.26"]
[SourceQuality "1"]

1. d4 d5 2. c4 e6 3. Nc3 Nf6 4. Nf3 c6 5. Bg5 h6 6. Bxf6 Qxf6 7. Qb3 Nd7 8. e4 dxe4 9. Nxe4 Qf4 10. Bd3 Be7 11. 0-0 0-0 12. Rfe1 b6 13. Bc2 Bb7 14. Ng3 Rfe8 15. Qd3 Nf8 16. Re4 Qd6 17. Nh5 f5 18. Re2 c5 19. Rae1 g6 20. d5 exd5 21. cxd5 c4 22. Qd2 gxh5 23. Re6 Nxe6 24. Rxe6 Bg5 25. Nxg5 Rxe6 26. Nxe6 Qxd5 27. Qxd5 Bxd5 28. Nc7 Rd8 29. Bxf5 Bf7 0-1

[Event "Oberliga Nord N 1213"]
[Site "Germany"]
[Date "2013.03.17"]
[Round "8.2"]
[White "Berg, Klaus"]
[Black "Rasmussen, Karsten"]
[Result "1-0"]
[WhiteElo "2390"]
[BlackElo "2435"]
[PlyCount "115"]
[EventDate "2012.10.14"]
[EventType "team-tourn"]
[EventRounds "9"]
[EventCountry "GER"]
[SourceTitle "EXT 2015"]
[Source "ChessBase"]
[SourceDate "2014.11.20"]
[SourceVersion "1"]
[SourceVersionDate "2014.11.20"]
[SourceQuality "1"]
[WhiteTeam "Kiel Turm"]
[BlackTeam "Preetz"]
[WhiteTeamCountry "GER"]
[BlackTeamCountry "GER"]

1. c4 Nf6 2. d4 g6 3. Nc3 d5 4. Bf4 Bg7 5. e3 0-0 6. Rc1 c6 7. Nf3 Be6 8. Ng5 Bf5 9. Bd3 Bxd3 10. Qxd3 dxc4 11. Qxc4 Nbd7 12. Nf3 Nh5 13. Bg5 h6 14. Bh4 g5 15. Bg3 Nxg3 16. hxg3 e6 17. 0-0 Qe7 18. Rfd1 Rfd8 19. Qb3 Rab8 20. Ne4 Nf8 21. Ne5 Kh8 22. f4 f6 23. Nd3 Qd7 24. Ndc5 Qd5 25. Qxd5 cxd5 26. Nc3 Kg8 27. Kf2 Kf7 28. g4 Nd7 29. Nxd7 Rxd7 30. g3 Rc8 31. Nb5 Rxc1 32. Rxc1 a6 33. Nc7 Bf8 34. f5 exf5 35. gxf5 Rd6 36. Ne6 Rb6 37. b3 a5 38. Rc7+ Be7 39. Rd7 Rc6 40. Nd8+ Ke8 41. Nxc6 Kxd7 42. Nxe7 Kxe7 43. g4 Kd6 44. Kf3 Ke7 45. e4 Kd6 46. a3 b5 47. Ke3 a4 48. bxa4 bxa4 49. exd5 Kxd5 50. Kd3 Kd6 51. Kc4 Kc6 52. d5+ Kd6 53. Kd4 Kd7 54. Kc5 Kc7 55. d6+ Kd8 56. Kc6 Kc8 57. d7+ Kd8 58. Kd6 1-0

[Event "DEN-chT 1213"]
[Site "Denmark"]
[Date "2013.03.09"]
[Round "8.2"]
[White "Sloth, Jorn"]
[Black "Rasmussen, Karsten"]
[Result "1/2-1/2"]
[WhiteElo "2340"]
[BlackElo "2435"]
[PlyCount "44"]
[EventDate "2012.10.27"]
[EventType "team-tourn"]
[EventRounds "9"]
[EventCountry "DEN"]
[SourceTitle "EXT 2014"]
[Source "ChessBase"]
[SourceDate "2013.11.20"]
[SourceVersion "1"]
[SourceVersionDate "2013.11.20"]
[SourceQuality "1"]
[WhiteTeam "Nordre"]
[BlackTeam "Aarhus/Skolerne"]
[WhiteTeamCountry "DEN"]
[BlackTeamCountry "DEN"]

1. d4 Nf6 2. c4 e6 3. g3 c5 4. Nf3 cxd4 5. Nxd4 Qc7 6. Nd2 Nc6 7. Nb5 Qb6 8. Bg2 d5 9. 0-0 Be7 10. Qb3 Na5 11. Qd3 Bd7 12. Nc3 d4 13. Nce4 0-0 14. Nxf6+ Bxf6 15. Ne4 Be7 16. c5 Bxc5 17. Nxc5 Qxc5 18. b4 Qxb4 19. Ba3 Qa4 20. Bxf8 Rxf8 21. Rfd1 e5 22. Bd5 Nc6 1/2-1/2

[Event "DEN-chT 1213"]
[Site "Denmark"]
[Date "2013.01.27"]
[Round "6.2"]
[White "Rasmussen, Karsten"]
[Black "Hansen, Soren Bech"]
[Result "1-0"]
[WhiteElo "2435"]
[BlackElo "2329"]
[PlyCount "54"]
[EventDate "2012.10.27"]
[EventType "team-tourn"]
[EventRounds "9"]
[EventCountry "DEN"]
[SourceTitle "EXT 2023"]
[Source "ChessBase"]
[SourceDate "2022.10.05"]
[SourceVersion "1"]
[SourceVersionDate "2022.10.05"]
[SourceQuality "1"]
[WhiteTeam "Aarhus/Skolerne"]
[BlackTeam "Obro"]
[WhiteTeamCountry "DEN"]
[BlackTeamCountry "DEN"]

1. d4 f5 2. Qd3 d5 3. Bf4 Nf6 4. e3 e6 5. Nf3 Be7 6. Be2 0-0 7. 0-0 b6 8. c4 Ba6 9. Qc2 Ne4 10. Nc3 Nxc3 11. Qxc3 Nd7 12. h3 Rc8 13. Rfe1 Qe8 14. Rac1 Bb7 15. cxd5 Bxd5 16. Ba6 Ra8 17. Qxc7 Bd8 18. Qc2 Nf6 19. Ne5 Ne4 20. b3 Nd6 21. Nc6 Qd7 22. Nb4 Bh4 23. Red1 Rad8 24. Qc7 Ba8 25. d5 Bxd5 26. Qxd7 Rxd7 27. Nxd5 Rfd8 1-0